000 00532nam a2200193Ii 4500
003 JO-AjNU
008 230606s9999||||xx |||||||||||||| ||und||
020 _a81-261-1549-1
040 _aJO-AjNU
_beng
_erda
_cJO-AjNU
041 _aeng
050 1 4 _aKD7869.2004
100 3 _aSharma ، S.R,
_eauthor
_9357
245 0 0 _aEnglish Legal System
264 3 1 _aNew Delhi : Anmol PublicationsPvt.Ltd ,2004
300 _ap479
336 _atext
_btxt
_2rdacontent
337 _aunmediated
_bn
_2rdamedia
338 _avolume
_bnc
_2rdacarrier
999 _aE188
_c188
_d188